Marriage is for love. (Record no. 14596)

000 -LEADER
fixed length control field 00531nam a2200181 a 4500
001 - CONTROL NUMBER
control field :::00012428$&:&@@
003 - CONTROL NUMBER IDENTIFIER
control field OkBaRHE
005 - DATE AND TIME OF LATEST TRANSACTION
control field 20000607103419.0
008 - FIXED-LENGTH DATA ELEMENTS--GENERAL INFORMATION
fixed length control field s1986 j 000 0 eng u
040 ## - CATALOGING SOURCE
Transcribing agency
100 1# - MAIN ENTRY--PERSONAL NAME
Personal name Strauss, Richard L.
245 10 - TITLE STATEMENT
Title Marriage is for love.
260 ## - PUBLICATION, DISTRIBUTION, ETC. (IMPRINT)
Place of publication, distribution, etc Wheaton, IL., :
Name of publisher, distributor, etc Tyndale House Publishers
Date of publication, distribution, etc 1986
300 ## - PHYSICAL DESCRIPTION
Extent 116 p. ;
Dimensions 22 cm.
650 ## - SUBJECT ADDED ENTRY--TOPICAL TERM
Topical term or geographic name as entry element Marriage
942 ## - ADDED ENTRY ELEMENTS (KOHA)
Source of classification or shelving scheme
Koha item type Books
Copies
Shelving location Lost status Damaged status Permanent Location Not for loan Source of classification or shelving scheme Date acquired Copy number Barcode Full call number Date last seen Price effective from Koha item type Withdrawn status
General Stacks  RHEMA Bible Training College  2010-04-14112428HQ 728 .S8632010-04-142010-04-14Books